000 01442nam a2200181Ia 4500
008 151202s9999||||xx |||||||||||||| ||und||
082 _bPNVM-79812
100 _aमाम सोनाली /अनु -पांडे भारती.
245 _aद रोड ऑफ लॉस्ट इनोसन्स- वेश्याव्यवसाय अन्याय्य आणि अत्याचाराच्या चिखलातून कंबोडियात जन्मलेल्या जिद्दी
260 _b"मेहता पब्लिशिंग हाऊस,पुणे."
260 _c2013
300 _a182
600 _aमाम सोनाली /अनु -पांडे भारती.
630 _aद रोड ऑफ लॉस्ट इनोसन्स- वेश्याव्यवसाय अन्याय्य आणि अत्याचाराच्या चिखलातून कंबोडियात जन्मलेल्या जिद्दी
700 _aमाम सोनाली /अनु -पांडे भारती.
730 _aद रोड ऑफ लॉस्ट इनोसन्स- वेश्याव्यवसाय अन्याय्य आणि अत्याचाराच्या चिखलातून कंबोडियात जन्मलेल्या जिद्दी
942 _cBOOK
999 _c1344421
_d1344418